| 000 | 03985nab a2200337 i 4500 | ||
|---|---|---|---|
| 003 | BR-BrBNA | ||
| 005 | 20240823115028.0 | ||
| 008 | 240823b2018 bl.qr|pooa||| 00| 0 por | | ||
| 040 |
_aBR-BrBNA _bpor |
||
| 072 | _aF02 | ||
| 072 | _aP34 | ||
| 072 | _aF01 | ||
| 100 | _aRollo, Priscila de Souza Pereira | ||
| 100 | _aDuarte, Tatiana da Silva | ||
| 100 | _aSilva, Magnólia Aparecida Silva Da | ||
| 100 | _aSá, Enilson Luiz Saccol de | ||
| 100 | _aSouza, Paulo Vitor | ||
| 100 | _aSchwarz, Sérgio Francisco | ||
| 245 | _aProdução de mudas de hortelã pimenta (Mentha piperita) inoculadas com micorrizas arbusculares | ||
| 500 | _aPublicação on-line; 38 ref.; 3 tables; Summaries (En, Pt) | ||
| 520 | _a RESUMO: Este trabalho teve como objetivo avaliar os efeitos das micorrízas arbusculares (MAs) sobre a produção de mudas de hortelã pimenta (Mentha piperita L.) propagadas por estaquia. O estudo foi conduzido inicialmente em casa de nebulização (fase de enraizamento) e, posteriormente, em casa de vegetação. O delineamento experimental adotado foi inteiramente casualizado, composto por cinco tratamentos e três repetições. Os tratamentos constaram de 4 espécies de micorrizas: Gigaspora margarita; Scutellospora heterograma; Glomus clarum; Glomus etunicatum e Controle (sem MA). Foram avaliados número de folhas/muda, altura da muda, análise qualitativa das raízes, área foliar, massa fresca e seca da parte aérea e das raízes, bem como a intensidade e porcentagem de colonização radicular por MAs. A inoculação com MAs permitiu incrementar a qualidade visual das raízes, que superaram as plantas não inoculadas. A inoculação proporcionou um incremento significativo na massa fresca e seca da parte aérea das mudas, com destaque para as plantas inoculadas com G. etunicatum, que apresentaram maior crescimento da parte aérea. Os resultados confirmam que a correta escolha da espécie de MA é fundamental para uma simbiose mais eficiente com plantas hortícolas. Palavras-chave: Plantas aromáticas; endomicorrizas; produção de inóculo | ||
| 520 | _a ABSTRACT: Production of Mentha piperita plants inoculated with arbuscular mycorrhizal fungi.The aim of this work was to evaluate the effects of arbuscular mycorrhizal fungi (AMF) on the production of peppermint (Mentha piperita L.) plants propagated by cuttings. The study was conducted initially in the nebulization house (rooting phase) and, later, in a greenhouse. The experimental design was completely randomized, composed of five treatments and three replicates. Treatments consisted of 4 AMFs species: Gigaspora margarita; Scutellospora heterograma; Glomus clarum; Glomus etunicatum and Control (without MA). The number of leaves/seedling, height of the seedling, qualitative root analysis, leaf area, fresh and dry mass of aerial part and roots, as well as intensity and percentage of root colonization by AMFs. The inoculation with AMFs allowed to increase the visual quality of the roots, which surpassed the uninoculated plants. The inoculation resulted in a significant increase in the fresh and dry mass of the aerial part of the plants, especially the plants inoculated with G. etunicatum, which presented higher aerial growth. The results confirm that the correct choice of the AMF species is fundamental for a more efficient symbiosis with horticultural plants. Keywords: Aromatic plants; Endomycorrhizae; inoculum production | ||
| 650 | _aPLANTA AROMÁTICA | ||
| 650 | _aMICORRIZA | ||
| 650 | _aMUDA | ||
| 650 | _aMENTA | ||
| 773 | 0 |
_03543 _9317357 _dBotucatu-SP Instituto de Biociências - Departamento de Química e Bioquímica 1998 _o2024-4023 _tRevista Brasileira de Plantas Medicinais (Brazil) _x1516-0572 _gv. 20(1) p. 36-42; (2018) _wBR2024002159 |
|
| 856 | _uhttp://www.sbpmed.org.br/admin/files/papers/file_gG0UM3pu32JH.pdf | ||
| 942 | _cAnalítica | ||
| 999 |
_c301008 _d301008 |
||